000 00314nam a22001337a 4500
008 190305b xxu||||| |||| 00| 0 eng d
020 _a2740284119453
041 _aeng
080 _26th
_a159.9
100 _a49
101 _aPSI
245 _aTheories of Psychotherapy Counselling
_cSharf,R.S
942 _2udc
_cBK
999 _c54581
_d54581